Дело по отношению министра юстиции насчет изменения высочайше утвержденного 1 мая 1841 года положения Комитета господ министров ...

Доступно только в Электронных читальных залах Найти на картеНа карте
RUSMARC
00003779nmc2a22000003x 450
0012ba1c93d-78a5-4c22-9716-4cad60f17c5c
00520180516192809.0
100##$a20160301l18431843k l0rusy0189 ca
1010#$arus
102##$aRU
2001#$aДело по отношению министра юстиции насчет изменения высочайше утвержденного 1 мая 1841 года положения Комитета господ министров о порядке производства содержания посредническим комиссиям и посредникам
$j5 июля - 3 августа 1843 г.
251##$cДело
300##$aДело
801#0$aRU
$bРГИА
$c20160301
$gRCR
801#1$aRU
$bГлавНИВЦ
$c20160301
$2rusmarc
801#2$aRU
$bПБ им. Б.Н. Ельцина
$c20180516
$gRCR
$2rusmarc
850##$aРГИА
852##$aРГИА
$eФедеральное казенное учреждение "Российский государственный исторический архив" (РГИА)
$j1148
937##$hРГИА
$d12197378
$aASBIBLIO_SCAN
462#0$1001e71f34c7-6ba6-4504-897e-253c950c25bd
$12001
$a1841-1843 гг. Дела Департамента полиции исполнительной МВД за 1843 г.
$1251
$cОпись
$1852
$j8
461#0$10013e300ed0-cd39-49af-8489-5ba5b90fa401
$12001
$aДепартамент полиции исполнительной МВД
$1251
$cФонд
$1852
$j1286
215##$a32 л.
$d36,5х26 см
371##$aДокумент не является опубликованным и широко распространяемым
105##$ay###
1222#$ad
035##$a2ba1c93d-78a5-4c22-9716-4cad60f17c5c
856##$uhttp://readingroom.main.prlib.ru/item.aspx?id_node=n114905273&mode=full
Формат отображения